000 00236nam a2200085Ia 4500
245 0 _aOld MacDonald had a farm
100 _a CABRERA, Jane London, 2009 Pbk. ed
_9103202
942 _cBK
008 210818s9999 xx 000 0 und d
999 _c453302
_d453301